000 00310nam a22001337a 4500
008 170606b xxu||||| |||| 00| 0 eng d
020 _a804706379
041 _aeng
080 _a94(4)
100 _a18
101 _aSHH
245 _aTHE PEASANT IN NINETEENTH-CENTURY-RUSSIA
_cVUCINICH,W.S
942 _2udc
_cBK
999 _c16140
_d16140